000 nam a22 4500
999 _c29818
_d29818
008 180803b xxu||||| |||| 00| 0 eng d
020 _a086442552x
020 _a9780864425522
050 _aF1959 .P44 1999
100 _aPeffer, Randall S.
245 _aPuerto Rico /
_cRandall S Peffer
260 _aMelbourne ; London :
_bLonely Planet,
_c1999.
300 _a360 p. :
_bcolor ill., color maps ;
_c19 cm
500 _aIncludes index.
650 _aPuerto Rico
_xGuidebooks.
942 _2lcc
_cBOOKS
_hF1959 .P44 1999